Rekordaufsteiger und Rekordabsteiger der 1. Bundesliga - Statistiken

Allgemein
  • Dieses Quiz wurde 110 mal gespielt
  • Das Durchschnittsergebnis liegt bei 17 aus 24
Antwortstatistiken
Rang Anzahl Auf- / Abstiege Verein % Korrekt
4 6 1. FC Köln
93%
3 7 1. FC Köln
93%
1 8 1. FC Nürnberg
89%
1 9 1. FC Nürnberg
88%
4 6 Fortuna Düsseldorf
82%
5 6 Fortuna Düsseldorf
82%
4 6 Hertha BSC
82%
3 7 Hertha BSC
82%
3 7 VfL Bochum
78%
5 6 VfL Bochum
78%
10 5 FC Schalke 04
77%
4 6 Hannover 96
76%
5 6 Hannover 96
76%
1 8 Arminia Bielefeld
72%
2 8 Arminia Bielefeld
72%
9 5 SC Freiburg
71%
4 6 FC St. Pauli
70%
10 5 FC St. Pauli
70%
5 6 MSV Duisburg
61%
9 5 Karlsruher SC
60%
5 6 Karlsruher SC
60%
9 5 KFC Uerdingen
33%
10 5 KFC Uerdingen
33%
9 5 MSV Duisburg
1%
Keine übereinstimmenden Quizze gefunden
Verteilung der Resultate
Anzahl Personen mit jedem Resultat
Perzentil nach korrekt beantworteten Fragen
Ihre Resultats-Entwicklung
Sie haben dieses Quiz noch nicht gespielt